[Event "Reykjavik op"]
[Site "Reykjavik"]
[Date "2012.03.11"]
[Round "6"]
[White "Perez, Flavio"]
[Black "Huizer, Mark A"]
[Result "1-0"]
[WhiteElo "2269"]
[BlackElo "2122"]
[PlyCount "67"]
[EventDate "2012.03.06"]
[EventType "swiss"]
[EventRounds "9"]
[EventCountry "ISL"]
[SourceTitle "CBM 147 Extra"]
[Source "ChessBase"]
[SourceDate "2012.04.24"]
[SourceVersion "1"]
[SourceVersionDate "2012.04.24"]
[SourceQuality "1"]

1. e4 c5 2. d3 d6 3. g3 g6 4. Bg2 Bg7 5. f4 Nc6 6. Nf3 e6 7. 0-0 Nge7 8. c3 0-0 9. Be3 Rb8 10. Bf2 b5 11. d4 cxd4 12. cxd4 d5 13. e5 Ba6 14. Re1 b4 15. Nbd2 Na5 16. Nb3 Nxb3 17. axb3 Qb6 18. g4 Bh6 19. Bh4 Rfe8 20. Qd2 Nc6 21. Bf6 Na5 22. Qe3 Rbc8 23. Ng5 Bg7 24. Bxg7 Kxg7 25. f5 gxf5 26. gxf5 exf5 27. Bxd5 Rc2 28. Bxf7 Qh6 29. Qg3 Bb7 30. d5 Nxb3 31. Bxe8 Bxd5 32. Rxa7+ Kf8 33. Nxh7+ Kxe8 34. Nf6+ 1-0

[Event "Reykjavik op"]
[Site "Reykjavik"]
[Date "2012.03.09"]
[Round "4"]
[White "Hardarson, Jon Trausti"]
[Black "Huizer, Mark A"]
[Result "1/2-1/2"]
[WhiteElo "1688"]
[BlackElo "2122"]
[PlyCount "63"]
[EventDate "2012.03.06"]
[EventType "swiss"]
[EventRounds "9"]
[EventCountry "ISL"]
[SourceTitle "CBM 147 Extra"]
[Source "ChessBase"]
[SourceDate "2012.04.24"]
[SourceVersion "1"]
[SourceVersionDate "2012.04.24"]
[SourceQuality "1"]

1. e4 c5 2. Nf3 d6 3. d4 cxd4 4. Nxd4 Nf6 5. Nc3 a6 6. Bg5 e6 7. f4 b5 8. a3 Be7 9. Qe2 Bb7 10. 0-0-0 Nbd7 11. g4 Qc7 12. Bg2 Nc5 13. e5 dxe5 14. Bxb7 Nxb7 15. Bxf6 gxf6 16. Ndxb5 Qb6 17. fxe5 axb5 18. exf6 Bd8 19. g5 b4 20. Nd5 Qc5 21. Nxb4 Qxg5+ 22. Kb1 Qc5 23. Rd4 Qb6 24. Rhd1 Rc8 25. Rd7 Nc5 26. Rxf7 Kxf7 27. Qh5+ Kxf6 28. Rf1+ Ke7 29. Qf7+ Kd6 30. Rd1+ Ke5 31. Qh5+ Kf6 32. Rf1+ 1/2-1/2

[Event "BEL-chT 0708"]
[Site "Belgium"]
[Date "2008.03.02"]
[Round "10"]
[White "Eliet, Nicolas"]
[Black "Huizer, Mark A"]
[Result "1-0"]
[WhiteElo "2453"]
[BlackElo "2200"]
[PlyCount "55"]
[EventDate "2007.09.30"]
[EventType "team-tourn"]
[EventRounds "11"]
[EventCountry "BEL"]
[SourceTitle "EXT 2009"]
[Source "ChessBase"]
[SourceDate "2008.11.26"]
[SourceVersion "1"]
[SourceVersionDate "2008.11.26"]
[SourceQuality "1"]
[WhiteTeam "Charleroi CREC"]
[BlackTeam "KSK47 Eynatten II"]
[WhiteTeamCountry "BEL"]
[BlackTeamCountry "BEL"]

1. d4 Nf6 2. c4 e6 3. Nc3 c5 4. d5 exd5 5. cxd5 d6 6. e4 g6 7. f4 Bg7 8. Bb5+ Nfd7 9. Be2 Na6 10. Nf3 0-0 11. 0-0 Re8 12. Nd2 Rb8 13. a4 Nb4 14. Nc4 Nb6 15. Na3 Bd7 16. a5 Nc8 17. f5 Qxa5 18. Bg5 Qc7 19. f6 Bf8 20. Qd2 Qd8 21. Nc4 Nb6 22. Rxa7 Nxc4 23. Bxc4 Ra8 24. Bh6 Re5 25. Bxf8 Rxa7 26. Bxd6 Rh5 27. e5 Bf5 28. Be2 1-0

[Event "BEL-chT 0708"]
[Site "Belgium"]
[Date "2008.01.20"]
[Round "7.6"]
[White "Verduyn, Frederic"]
[Black "Huizer, Mark A"]
[Result "1-0"]
[WhiteElo "2233"]
[BlackElo "2200"]
[PlyCount "87"]
[EventDate "2007.09.30"]
[EventType "team-tourn"]
[EventRounds "11"]
[EventCountry "BEL"]
[SourceTitle "EXT 2009"]
[Source "ChessBase"]
[SourceDate "2008.11.26"]
[SourceVersion "1"]
[SourceVersionDate "2008.11.26"]
[SourceQuality "1"]
[WhiteTeam "KBSK Brugge"]
[BlackTeam "KSK47 Eynatten II"]
[WhiteTeamCountry "BEL"]
[BlackTeamCountry "BEL"]

1. Nf3 Nf6 2. c4 g6 3. Nc3 d5 4. Qa4+ c6 5. cxd5 Nxd5 6. e4 Nb6 7. Qd1 Bg7 8. d4 Bg4 9. Be3 N8d7 10. h3 Bxf3 11. Qxf3 e5 12. Rd1 Qe7 13. d5 Qb4 14. dxc6 bxc6 15. Rd2 0-0 16. Be2 Rfe8 17. 0-0 Nf8 18. a3 Qe7 19. Bxb6 axb6 20. Bc4 b5 21. Bb3 Ra7 22. Na2 Ne6 23. Nb4 Rc8 24. Bxe6 Qxe6 25. Rfd1 Bf8 26. Qc3 Be7 27. Rd3 h5 28. Qd2 Kg7 29. Qc3 Kg8 30. R3d2 Kh7 31. Nd3 Ra4 32. Nb4 Rc7 33. Nd5 Rca7 34. Nxe7 Rxe7 35. f3 Qc4 36. Qe3 b4 37. b3 Rxa3 38. Rd3 Qb5 39. Kh2 Raa7 40. Qg5 Kg7 41. Rd6 Re8 42. Qf6+ Kg8 43. Rd8 Ra8 44. R1d7 1-0

[Event "Hastings Masters op 83rd"]
[Site "Hastings"]
[Date "2007.12.31"]
[Round "4"]
[White "Huizer, Mark A"]
[Black "Greet, Andrew"]
[Result "0-1"]
[WhiteElo "2201"]
[BlackElo "2441"]
[PlyCount "127"]
[EventDate "2007.12.28"]
[EventType "swiss"]
[EventRounds "10"]
[EventCountry "ENG"]
[SourceTitle "CBM 122 Extra"]
[Source "ChessBase"]
[SourceDate "2008.03.04"]
[SourceVersion "1"]
[SourceVersionDate "2008.03.04"]
[SourceQuality "1"]

1. Nf3 Nf6 2. c4 e6 3. b3 c5 4. g3 a6 5. Bg2 b5 6. Bb2 Be7 7. 0-0 0-0 8. d3 Qb6 9. Qc2 Nc6 10. Nbd2 d5 11. e3 Rd8 12. a3 Rb8 13. Rab1 d4 14. exd4 cxd4 15. b4 Bb7 16. Rfe1 Rbc8 17. c5 Qc7 18. Nb3 Rd7 19. Nfxd4 Nxd4 20. Bxd4 Bxg2 21. Kxg2 Nd5 22. Be5 Qd8 23. Na5 Bxc5 24. Rbc1 Ne7 25. Qb2 Bd4 26. Rxc8 Nxc8 27. Bxd4 Rxd4 28. Rc1 Ne7 29. Nb7 Qd5+ 30. Kg1 Rxd3 31. Nc5 Rd2 32. Qc3 Rd1+ 33. Rxd1 Qxd1+ 34. Kg2 Qd6 35. Kf1 f6 36. Qf3 Nd5 37. Qe4 Nc7 38. Ke2 h6 39. Qb7 Qe5+ 40. Kf1 Qd6 41. Ke2 f5 42. Ke1 a5 43. Ke2 Kh7 44. h4 axb4 45. axb4 Nd5 46. Kf1 Nxb4 47. Qxb5 Qd1+ 48. Kg2 Qd5+ 49. Kg1 Nc6 50. Qb6 Nd4 51. Qb4 Kg6 52. Na4 Ne2+ 53. Kf1 Qf3 54. Qd6 Kh7 55. Nc5 Nxg3+ 56. Qxg3 Qd1+ 57. Kg2 Qd5+ 58. Kh3 Qxc5 59. h5 Kg8 60. Qd3 Qd5 61. Qc3 Qh1+ 62. Kg3 Qxh5 63. Qc8+ Kh7 64. Qxe6 0-1

[Event "BEL-chT 0506"]
[Site "Belgium"]
[Date "2006.01.08"]
[Round "6"]
[White "Huizer, Mark A"]
[Black "Marechal, Andy"]
[Result "1/2-1/2"]
[WhiteElo "2222"]
[BlackElo "2293"]
[PlyCount "68"]
[EventDate "2005.10.09"]
[EventType "team-tourn"]
[EventRounds "11"]
[EventCountry "BEL"]
[SourceTitle "EXT 2007"]
[Source "ChessBase"]
[SourceDate "2006.11.23"]
[SourceVersion "1"]
[SourceVersionDate "2006.11.23"]
[SourceQuality "1"]
[WhiteTeam "KSK47 Eynatten II"]
[BlackTeam "SK Rochade"]
[WhiteTeamCountry "BEL"]
[BlackTeamCountry "BEL"]

1. b3 e5 2. Bb2 d6 3. e3 Nc6 4. g3 g6 5. Bg2 Bg7 6. Ne2 Nge7 7. 0-0 0-0 8. c4 Bg4 9. h3 Be6 10. Nbc3 d5 11. cxd5 Nxd5 12. a3 Nxc3 13. Bxc3 Qd7 14. Kh2 Rad8 15. Qb1 f5 16. Rd1 Qf7 17. b4 Bb3 18. Re1 Bd5 19. Bxd5 Rxd5 20. b5 Nb8 21. d4 Rfd8 22. Qb3 Nd7 23. Kg2 exd4 24. Bxd4 Nc5 25. Qc4 Ne6 26. Bxg7 Kxg7 27. Rac1 Qd7 28. a4 Rc5 29. Qb3 Qd5+ 30. Qxd5 Rdxd5 31. Nd4 Kf6 32. Nxe6 Kxe6 33. e4 fxe4 34. Rxe4+ Kf7 1/2-1/2

[Event "EU-Cup 19th"]
[Site "Rethymno"]
[Date "2003.10.04"]
[Round "7.6"]
[White "Groszpeter, Attila"]
[Black "Huizer, Mark A"]
[Result "1-0"]
[WhiteElo "2502"]
[BlackElo "2188"]
[PlyCount "46"]
[EventDate "2003.09.28"]
[EventType "team-swiss"]
[EventRounds "7"]
[EventCountry "GRE"]
[SourceTitle "CBM 098"]
[Source "ChessBase"]
[SourceDate "2004.02.03"]
[SourceVersion "1"]
[SourceVersionDate "2004.02.03"]
[SourceQuality "1"]
[WhiteTeam "Zalaegerszeg"]
[BlackTeam "Eynatten"]
[WhiteTeamCountry "HUN"]
[BlackTeamCountry "BEL"]

1. e4 c5 2. Nf3 d6 3. d4 cxd4 4. Nxd4 Nf6 5. Nc3 a6 6. Bg5 e6 7. f4 Bd7 8. Qf3 Nc6 9. 0-0-0 Qa5 10. Nb3 Qc7 11. Bxf6 gxf6 12. Qh5 Bg7 13. Be2 Rc8 14. Kb1 Ne7 15. Rd3 b5 16. Rhd1 b4 17. Rxd6 Bc6 18. Bxa6 bxc3 19. Bxc8 Qxc8 20. Rd8+ Qxd8 21. Rxd8+ Kxd8 22. Qxf7 Rg8 23. Nc5 Bd7 1-0

[Event "IECG CP.2002.Q.00012 email"]
[Site "IECG email"]
[Date "2003.10.01"]
[Round "?"]
[White "Huizer, Mark A"]
[Black "Belanoff, Stuart B"]
[Result "1/2-1/2"]
[WhiteElo "1906"]
[BlackElo "2051"]
[PlyCount "42"]
[EventDate "2003.10.01"]
[EventType "tourn (corr)"]
[EventRounds "10"]
[SourceTitle "Corr 2008"]
[Source "ChessBase"]
[SourceDate "2008.06.24"]
[SourceVersion "1"]
[SourceVersionDate "2008.06.24"]
[SourceQuality "1"]

1. e4 c5 2. Nc3 e6 3. g3 d5 4. exd5 exd5 5. d4 Nc6 6. Bg2 Nxd4 7. Be3 Be6 8. Bxd4 cxd4 9. Qxd4 Nf6 10. Qa4+ Bd7 11. Qb3 Bc6 12. 0-0-0 Bc5 13. Nxd5 0-0 14. Nh3 Nxd5 15. Bxd5 Qf6 16. Bxc6 bxc6 17. Qc4 Rab8 18. Qxc5 Qxb2+ 19. Kd2 Rb5 20. Qc4 Rb4 21. Qc5 Rb5 1/2-1/2

[Event "IECG CP.2002.P.00064 email"]
[Site "IECG email"]
[Date "2002.10.01"]
[Round "?"]
[White "Huizer, Mark A"]
[Black "Jenneborg, Seved"]
[Result "0-1"]
[WhiteElo "1909"]
[BlackElo "1211"]
[PlyCount "50"]
[EventDate "2002.10.01"]
[EventType "tourn (corr)"]
[EventRounds "6"]
[EventCountry "ENG"]
[SourceTitle "Corr 2008"]
[Source "ChessBase"]
[SourceDate "2008.06.24"]
[SourceVersion "1"]
[SourceVersionDate "2008.06.24"]
[SourceQuality "1"]

1. e4 c5 2. Nf3 Nc6 3. d4 cxd4 4. Nxd4 e5 5. Nb5 a6 6. Nd6+ Bxd6 7. Qxd6 Qe7 8. Qd1 Nf6 9. Nc3 Nd4 10. Bd3 d6 11. Bg5 Be6 12. Qd2 h6 13. Be3 0-0 14. 0-0-0 Rfc8 15. f4 b5 16. Kb1 Qb7 17. Rde1 b4 18. Bxd4 exd4 19. Nd1 Rc5 20. Qf2 Rac8 21. b3 d5 22. e5 Ne4 23. Qxd4 Bf5 24. Kb2 Ng3 25. hxg3 Rxc2+ 0-1

[Event "IECG CP.2002.P.00064 email"]
[Site "IECG email"]
[Date "2002.10.01"]
[Round "?"]
[White "Huizer, Mark A"]
[Black "Manis, Jose"]
[Result "1/2-1/2"]
[WhiteElo "1909"]
[BlackElo "1473"]
[PlyCount "47"]
[EventDate "2002.10.01"]
[EventType "tourn (corr)"]
[EventRounds "6"]
[EventCountry "ENG"]
[SourceTitle "Corr 2008"]
[Source "ChessBase"]
[SourceDate "2008.06.24"]
[SourceVersion "1"]
[SourceVersionDate "2008.06.24"]
[SourceQuality "1"]

1. e4 c6 2. d4 d5 3. Nd2 dxe4 4. Nxe4 Nf6 5. Nxf6+ exf6 6. c3 Bd6 7. Bd3 0-0 8. Ne2 Qc7 9. Ng3 Re8+ 10. Be3 f5 11. Nxf5 Bxf5 12. Bxf5 g6 13. Bd3 c5 14. Qa4 Nd7 15. 0-0-0 Bf4 16. Rde1 Nb6 17. Qc2 cxd4 18. cxd4 Bxe3+ 19. fxe3 Qd6 20. Kb1 Nd5 21. Qd2 Re7 22. h4 Rae8 23. e4 Nf6 24. Bb5 1/2-1/2

[Event "IECG CB.2001.0.00011 email"]
[Site "IECG email"]
[Date "2001.07.30"]
[Round "?"]
[White "Huizer, Mark A"]
[Black "Marcotulli, Giancarlo"]
[Result "1/2-1/2"]
[WhiteElo "1903"]
[BlackElo "1925"]
[PlyCount "69"]
[EventDate "2001.07.30"]
[EventType "tourn (corr)"]
[EventRounds "6"]
[SourceTitle "Corr 2008"]
[Source "ChessBase"]
[SourceDate "2008.06.24"]
[SourceVersion "1"]
[SourceVersionDate "2008.06.24"]
[SourceQuality "1"]

1. e4 e5 2. Nf3 Nc6 3. Bb5 f5 4. Nc3 fxe4 5. Nxe4 d5 6. Nxe5 dxe4 7. Nxc6 Qg5 8. Qe2 Nf6 9. f4 Qxf4 10. Ne5+ c6 11. d4 Qh4+ 12. g3 Qh3 13. Bc4 Be6 14. Bg5 0-0-0 15. 0-0-0 Bd6 16. Qf1 Rhe8 17. Bxf6 Qh6+ 18. Rd2 Qxf6 19. Qxf6 gxf6 20. Bxe6+ Rxe6 21. Nf7 Rd7 22. Nh6 Bf8 23. Nf5 c5 24. c3 cxd4 25. cxd4 Bb4 26. Re2 h5 27. h3 Ba5 28. g4 hxg4 29. hxg4 b5 30. Rc2+ Kb7 31. Kd1 Bc7 32. Rc5 a6 33. Ke2 e3 34. Rc3 Re4 35. Rg1 1/2-1/2

[Event "IECG CB.2001.0.00011 email"]
[Site "IECG email"]
[Date "2001.07.30"]
[Round "?"]
[White "Silva, Luis Henrique"]
[Black "Huizer, Mark A"]
[Result "0-1"]
[WhiteElo "1923"]
[BlackElo "1903"]
[PlyCount "34"]
[EventDate "2001.07.30"]
[EventType "tourn (corr)"]
[EventRounds "6"]
[SourceTitle "Corr 2008"]
[Source "ChessBase"]
[SourceDate "2008.06.24"]
[SourceVersion "1"]
[SourceVersionDate "2008.06.24"]
[SourceQuality "1"]

1. e4 c5 2. Nf3 d6 3. d4 cxd4 4. Nxd4 Nf6 5. Nc3 Nc6 6. Bg5 e6 7. Qd2 a6 8. 0-0-0 h6 9. Be3 Bd7 10. f3 b5 11. g4 Qa5 12. Nxc6 Bxc6 13. Kb1 b4 14. Ne2 e5 15. Bg2 Rd8 16. c4 bxc3 17. Nxc3 Qb4 0-1

[Event "BEL-chT 0001"]
[Site "Belgium"]
[Date "2001.02.18"]
[Round "9"]
[White "Faybish, Itamar"]
[Black "Huizer, Mark A"]
[Result "0-1"]
[WhiteElo "2177"]
[BlackElo "2208"]
[PlyCount "62"]
[EventDate "2000.11.18"]
[EventType "team"]
[EventRounds "13"]
[EventCountry "BEL"]
[SourceTitle "CBM 081 Extra"]
[Source "ChessBase"]
[SourceDate "2001.05.06"]
[SourceVersion "1"]
[SourceVersionDate "2001.05.06"]
[SourceQuality "1"]

1. e4 c5 2. d3 d6 3. g3 Nc6 4. Bg2 g6 5. f4 Bg7 6. Nf3 Bd7 7. 0-0 Qc8 8. c3 h5 9. f5 gxf5 10. Nbd2 Nf6 11. Nh4 fxe4 12. Nxe4 Nxe4 13. Bxe4 Bf6 14. Qf3 Ne5 15. Qf4 Qc7 16. Nf5 0-0-0 17. Ne3 Be6 18. d4 Nd7 19. Nd5 Bxd5 20. Bxd5 e6 21. Bg2 c4 22. b3 h4 23. bxc4 hxg3 24. hxg3 e5 25. Qe4 exd4 26. Rb1 Rde8 27. Qd5 dxc3 28. Qxb7+ Qxb7 29. Bxb7+ Kc7 30. Bf4 c2 31. Rb3 Nc5 0-1

[Event "IECG CP.1999.P.00044"]
[Site "IECG email"]
[Date "1999.10.01"]
[Round "?"]
[White "Just, Bent"]
[Black "Huizer, Mark A"]
[Result "0-1"]
[WhiteElo "1414"]
[BlackElo "1872"]
[PlyCount "54"]
[EventDate "1999.10.01"]
[EventType "tourn (corr)"]
[EventRounds "6"]
[EventCountry "ENG"]
[SourceTitle "Corr 2008"]
[Source "ChessBase"]
[SourceDate "2008.06.24"]
[SourceVersion "1"]
[SourceVersionDate "2008.06.24"]
[SourceQuality "1"]

1. Nc3 c5 2. e4 d6 3. Bc4 e6 4. Nf3 Nf6 5. 0-0 Be7 6. d4 cxd4 7. Nxd4 a6 8. a4 Qc7 9. Bb3 0-0 10. Bg5 Nc6 11. Nxc6 bxc6 12. Qd3 Bb7 13. Rfd1 d5 14. exd5 cxd5 15. a5 d4 16. Ne2 Ng4 17. Bf4 e5 18. f3 Bc5 19. Bc4 exf4 20. fxg4 Rfe8 21. Nxd4 Bxd4+ 22. Qxd4 Re4 23. Bxf7+ Qxf7 24. Qf2 Rae8 25. Re1 Qa2 26. Rxa2 Rxe1+ 27. Qf1 R8e2 0-1